| 000 | 00614nam a2200241 a 4500 | ||
|---|---|---|---|
| 001 | nice12345678 | ||
| 003 | IN_TiNIC | ||
| 005 | 20260116013557.0 | ||
| 008 | 050524s1985 lona grp 000 0 eng | ||
| 020 |
_a _c200 |
||
| 082 | 0 | 0 |
_a297.1228 _bHAE |
| 100 | _aHaeri, Shaykh Fadhlullah | ||
| 245 | _aJourney of the Universe as Expounded in the Quran | ||
| 260 |
_aLondon _bZahra Trust _c1985 |
||
| 300 | _a102p | ||
| 500 | _aincludes index and biblioraphy | ||
| 505 | 2 | _aIndex | |
| 650 | _aQuran and Universe | ||
| 700 | 1 | _aHaeri, Shaykh Fadhlullah | |
| 902 | _bSRS | ||
| 942 | _cBK | ||
| 999 |
_c11533 _d11533 |
||